Financial Accounting
Gespeichert in:
| 1. Verfasser: | |
|---|---|
| Weitere Verfasser: | , |
| Format: | Buch |
| Sprache: | Englisch |
| Veröffentlicht: |
New York
MacGraw-Hill Book Co.
1988
|
| Ausgabe: | 1. ed. |
| Schlagworte: | |
| Tags: |
Keine Tags, Fügen Sie das erste Tag hinzu!
|
MARC
| LEADER | 00000nam a2200000 4500 | ||
|---|---|---|---|
| 001 | c002646 | ||
| 005 | 20221219121044.3 | ||
| 020 | |a 0-07-059002-8 | ||
| 041 | 0 | |a eng | |
| 044 | |a US | ||
| 245 | 1 | 0 | |a Financial Accounting |c Jack L. Smith, Robert M. Keith, William L. Stephens |
| 250 | |a 1. ed. | ||
| 264 | 1 | |a New York |b MacGraw-Hill Book Co. |c 1988 | |
| 300 | |a 706 s. | ||
| 610 | 2 | 0 | |a účtovníctvo finančné |
| 610 | 2 | 0 | |a spoločnosti obchodné |
| 610 | 2 | 0 | |a modely |
| 610 | 2 | 0 | |a účty |
| 610 | 2 | 0 | |a uzávierka účtovná |
| 610 | 2 | 0 | |a obchod |
| 610 | 2 | 0 | |a kontrola vnútorná |
| 610 | 2 | 0 | |a spracovanie dát |
| 610 | 2 | 0 | |a aktíva |
| 610 | 2 | 0 | |a pasíva |
| 610 | 2 | 0 | |a výdavky |
| 610 | 2 | 0 | |a papiere cenné |
| 610 | 2 | 0 | |a peniaze |
| 610 | 2 | 0 | |a pohľadávky |
| 610 | 2 | 0 | |a splátky |
| 610 | 2 | 0 | |a podnik spoločný |
| 610 | 2 | 0 | |a korporácie |
| 610 | 2 | 0 | |a akcie |
| 610 | 2 | 0 | |a investície |
| 610 | 2 | 0 | |a cash flow |
| 610 | 2 | 0 | |a dane z príjmov |
| 610 | 2 | 0 | |a zisk ekonomický |
| 100 | 1 | |a Smith, Jack L. | |
| 700 | 1 | |a Keith, Robert M. | |
| 700 | 1 | |a Stephens, William L. | |